|
|
|
|
| LEADER |
00000nam0a2200000 4500 |
| 001 |
10984 |
| 005 |
20231101204741.0 |
| 010 |
|
|
|a 5811401043
|
| 035 |
|
|
|a (RuTPU)RU\TPU\book\11054
|
| 035 |
|
|
|a BOOK00011120
|
| 090 |
|
|
|a 10984
|
| 100 |
|
|
|a 20011209d1999 k y0rusy50 ca
|
| 101 |
1 |
|
|a rus
|c pol
|
| 102 |
|
|
|a RU
|
| 105 |
|
|
|a a e 001zd
|
| 200 |
1 |
|
|a Античные писатели
|e словарь
|e пер. с пол.
|f под ред. М. В. Белкина
|
| 210 |
|
|
|a Санкт-Петербург
|c Лань
|d 1999
|
| 215 |
|
|
|a 448 с.
|c ил.
|
| 225 |
1 |
|
|a Мир культуры
|
| 320 |
|
|
|a Указатель статей: с. 437-447
|
| 606 |
|
|
|a Античный мир
|x История
|2 stltpush
|3 (RuTPU)RU\TPU\subj\58980
|9 76652
|
| 606 |
|
|
|a Древний мир
|x Философия
|2 stltpush
|3 (RuTPU)RU\TPU\subj\71289
|9 85251
|
| 610 |
1 |
|
|a история
|
| 610 |
1 |
|
|a античная история
|
| 610 |
1 |
|
|a философия
|
| 610 |
1 |
|
|a античная философия
|
| 610 |
1 |
|
|a персоналии
|
| 610 |
1 |
|
|a античные писатели
|
| 610 |
1 |
|
|a античная литература
|
| 610 |
1 |
|
|a словари
|
| 610 |
1 |
|
|a всемирная история
|
| 686 |
|
|
|a Т3(0)32я2
|v LBC/SL-A
|2 rubbk
|
| 686 |
|
|
|a Ю3(0)3я2
|v LBC/SL-A
|2 rubbk
|
| 702 |
|
1 |
|a Белкин
|b М. В.
|4 340
|
| 801 |
|
0 |
|a RU
|b 63413507
|c 20011209
|g PSBO
|
| 801 |
|
2 |
|a RU
|b 63413507
|c 20190820
|g PSBO
|
| 942 |
|
|
|c BK
|